| 000 | 01531nam0a2200373 4500 | ||
|---|---|---|---|
| 001 | RU\NLR\BIBL_A\011927179 | ||
| 005 | 20190212121602.0 | ||
| 010 |
_a978-5-09-069783-5 _91000 |
||
| 021 |
_aRU _bКН-П-18-100663 _9КН-П-18-7305 |
||
| 035 | _a(NLR Aleph) 011927179 | ||
| 035 | _a(RuMoRGB)009850644 | ||
| 090 |
_a11018825 _c11018825 |
||
| 100 | _a20190204d2019 e y0rusy50 ca | ||
| 101 | 0 | _arus | |
| 102 | _aRU | ||
| 105 | _aa|||j|||001zy | ||
| 200 | 1 |
_aИнформатика _e11 класс _eучебник для общеобразовательных организаций _eбазовый и углублённый уровни _fА. Г. Гейн, А. И. Сенокосов |
|
| 205 | _a5-е изд. | ||
| 210 |
_aМосква _cПросвещение _d2019 [т.е. 2018] |
||
| 215 |
_a336 с. _cил., табл. _d22 |
||
| 225 | 1 | _aФГОС | |
| 300 | _aКн. фактически изд. в 2018 г. | ||
| 313 | _aПо пред.изд. 2018г | ||
| 320 | _aБиблиогр.: с. 329 | ||
| 320 | _aПредм. указ.: с. 330-333 | ||
| 606 | 1 |
_aИнформатика _jУчебники для средней школы _2nlr_sh1 _2nlr_sh2 _3RU\NLR\AUTH\661257251 |
|
| 686 | 1 | _aЗ973.233я721-1 | |
| 700 | 1 |
_aГейн _bА. Г. _f1950- _gАлександр Георгиевич _3RU\NLR\AUTH\774732 |
|
| 701 | 1 |
_aСенокосов _bА. И _gАлександр Иванович |
|
| 942 | _cBOOK | ||
| 980 | _aNBR | ||
| 980 | _aNB | ||